[Event "Women's Speed Chess Q4"]
[Site "chess.com INT"]
[Date "2020.06.21"]
[Round "8"]
[White "Skuhala, Barbara"]
[Black "Dordzhieva, Dinara"]
[Result "0-1"]
[WhiteTitle "WFM"]
[BlackTitle "WIM"]
[WhiteElo "2095"]
[BlackElo "2354"]
[WhiteFideId "14605465"]
[BlackFideId "24157570"]
[EventDate "2020.06.21"]

1. e4 c5 2. Nf3 d6 3. d4 cxd4 4. Nxd4 Nf6 5. f3 e5 6. Nb3 a5 7. c4 Nxe4 8. fxe4
Qh4+ 9. Kd2 a4 10. Qe1 Qxe1+ 11. Kxe1 axb3 12. a3 Nc6 13. Bd3 Be6 14. Kd2 Be7
15. Nc3 Bg5+ 16. Ke1 Bxc1 17. Rxc1 Nd4 18. Kd2 Ke7 19. Nd5+ Bxd5 20. cxd5 Rhc8
21. Rxc8 Rxc8 22. Rc1 Rxc1 23. Kxc1 g6 24. Kd2 f5 25. Kc3 fxe4 26. Bxe4 Kf6 27.
h4 h6 28. g4 g5 29. h5 Ke7 30. Kb4 b6 31. Bd3 Kd8 32. Bc4 Ke7 33. Bxb3 Kf6 34.
Bc4 e4 35. Kc3 Ke5 36. b4 b5 37. Bf1 Kxd5 38. Be2 Ke5 39. Bf1 d5 40. Bg2 Nc6 41.
Bf1 d4+ 42. Kd2 d3 43. Ke3 Ne7 44. a4 bxa4 45. b5 Nd5+ 46. Kd2 Kd4 47. Bg2 a3 0-1

[Event "Women's Speed Chess Q4"]
[Site "chess.com INT"]
[Date "2020.06.21"]
[Round "8"]
[White "Gevorgyan, Maria"]
[Black "Mudodo, Refiloe Hazel"]
[Result "0-1"]
[WhiteTitle "WGM"]
[BlackTitle "WCM"]
[WhiteElo "2228"]
[BlackElo "1543"]
[WhiteFideId "13300270"]
[BlackFideId "11000821"]
[EventDate "2020.06.21"]

1. e4 e6 2. d4 d5 3. Bd3 dxe4 4. Bxe4 Nf6 5. Bf3 c5 6. Ne2 Be7 7. Be3 Qc7 8.
Nbc3 O-O 9. O-O Rd8 10. Nb5 Qa5 11. c4 cxd4 12. Bf4 d3 13. Nec3 Ne8 14. a3 Nc6
15. b4 Qa6 16. Be4 d2 17. Qc2 f5 18. Bd3 b6 19. Bxd2 Qb7 20. Rfe1 a6 21. Bxf5
exf5 22. Nd5 axb5 23. cxb5 Nd4 24. Qc3 Rxd5 25. Bg5 Bxg5 26. Rxe8+ Kf7 27. Rae1
Ne6 28. Rh8 Bd2 29. Qf3 Bxe1 30. Qh5+ Kf6 31. Qh4+ Ng5 32. f4 0-1

[Event "Women's Speed Chess Q4"]
[Site "chess.com INT"]
[Date "2020.06.21"]
[Round "8"]
[White "Foisor, Sabina-Francesca"]
[Black "Khotenashvili, Bela"]
[Result "0-1"]
[WhiteTitle "WGM"]
[BlackTitle "GM"]
[WhiteElo "2228"]
[BlackElo "2458"]
[WhiteFideId "1212915"]
[BlackFideId "13602640"]
[EventDate "2020.06.21"]

1. d4 g6 2. Nf3 Bg7 3. e4 c6 4. Be2 d5 5. e5 Nh6 6. h3 O-O 7. O-O f6 8. Bd3 Nf7
9. Qe2 Na6 10. c3 Nc7 11. Bf4 Ne6 12. Bh2 f5 13. Nbd2 c5 14. Kh1 cxd4 15. cxd4
Qb6 16. Nb3 Bh6 17. g4 fxg4 18. hxg4 Nf4 19. Bxf4 Bxf4 20. Nh4 Ng5 21. f3 Be6
22. Nc5 Rac8 23. b4 Qxb4 24. Nxe6 Nxe6 25. Rab1 Qxd4 26. Rxb7 Nc5 27. Rxe7 Qxd3
28. Qg2 Rce8 29. Rxa7 Rxe5 30. Nf5 Rexf5 31. gxf5 Rxf5 32. Ra8+ Kg7 33. Ra7+ Kh6
34. Qg4 Qxf1+ 0-1

[Event "Women's Speed Chess Q4"]
[Site "chess.com INT"]
[Date "2020.06.21"]
[Round "8"]
[White "Schut, Lisa"]
[Black "Tarini, Goyal"]
[Result "0-1"]
[WhiteTitle "WIM"]
[BlackTitle "WFM"]
[WhiteElo "2259"]
[BlackElo "2164"]
[WhiteFideId "1019481"]
[BlackFideId "5082749"]
[EventDate "2020.06.21"]

1. e4 c6 2. d4 d5 3. Nc3 dxe4 4. Nxe4 Bf5 5. Ng3 Bg6 6. h4 h6 7. h5 Bh7 8. Nf3
e6 9. Bd3 Bxd3 10. Qxd3 Nf6 11. Bd2 Be7 12. O-O-O c5 13. Ne4 cxd4 14. Nxf6+ Bxf6
15. Bb4 Nc6 16. Qb5 Qb6 17. Qxb6 axb6 18. Ba3 b5 19. Bc5 Rxa2 20. Kb1 Ra4 21. b3
Ra6 22. Nxd4 b6 23. c4 bxc5 24. cxb5 Bxd4 25. bxa6 Ke7 26. Rc1 Ra8 27. f3 Rxa6
28. Rhd1 Nb4 29. Rxd4 cxd4 30. Rc7+ Kf6 31. Rb7 Nd5 32. Kc2 Rc6+ 33. Kd2 e5 34.
b4 Ne3 35. g4 Nd5 36. Kd3 Rb6 37. Rd7 Ke6 38. Rd8 Rxb4 39. Re8+ Ne7 40. Ke4 Rb3
41. Rxe7+ Kxe7 42. Kxe5 d3 43. g5 d2 44. gxh6 gxh6 45. Kf5 d1=Q 46. f4 Qd3+ 47.
Kg4 Qh3# 0-1

[Event "Women's Speed Chess Q4"]
[Site "chess.com INT"]
[Date "2020.06.21"]
[Round "8"]
[White "Hoang, Thi Bao Tram"]
[Black "Janzelj, Lara"]
[Result "1-0"]
[WhiteTitle "WGM"]
[BlackTitle "WIM"]
[WhiteElo "2288"]
[BlackElo "2210"]
[WhiteFideId "12401102"]
[BlackFideId "14608391"]
[EventDate "2020.06.21"]

1. d4 d5 2. Nf3 Nf6 3. c3 e6 4. Bg5 h6 5. Bh4 Bd6 6. e3 O-O 7. Nbd2 b6 8. Bd3 c5
9. O-O Nc6 10. dxc5 Bxc5 11. e4 Be7 12. e5 Nd7 13. Bg3 Nc5 14. Bb5 Qc7 15. Re1
a6 16. Bf1 b5 17. Nd4 Na4 18. Rb1 Bb7 19. Bd3 Nc5 20. Bc2 Nd7 21. N2f3 Rfc8 22.
Qd3 Nf8 23. Bf4 Nxd4 24. Nxd4 Qc4 25. Qg3 Kh8 26. Qh3 Nh7 27. Bxh6 g6 28. Be3
Qc7 29. Nf3 b4 30. Rbc1 bxc3 31. bxc3 Kg8 32. Bd3 Bc6 33. Nd4 Qxe5 34. Bd2 Qg7
35. Nxe6 fxe6 36. Qxe6+ Kf8 37. Bxg6 Nf6 38. Bh6 1-0

[Event "Women's Speed Chess Q4"]
[Site "chess.com INT"]
[Date "2020.06.21"]
[Round "8"]
[White "Danielian, Elina"]
[Black "Nandhidhaa, P V"]
[Result "0-1"]
[WhiteTitle "GM"]
[BlackTitle "WGM"]
[WhiteElo "2407"]
[BlackElo "2365"]
[WhiteFideId "13300210"]
[BlackFideId "5050847"]
[EventDate "2020.06.21"]

1. d4 Nf6 2. Bg5 d5 3. Bxf6 exf6 4. e3 Bd6 5. g3 O-O 6. Bg2 c6 7. Ne2 g6 8. O-O
Re8 9. b3 f5 10. c4 dxc4 11. bxc4 Nd7 12. Nbc3 Nf6 13. Qc2 Be6 14. c5 Bf8 15.
Rab1 Qc7 16. Rb2 b6 17. cxb6 axb6 18. Rfb1 Reb8 19. Nb5 Qd8 20. Qxc6 Rxa2 21.
Nf4 Rxb2 22. Rxb2 Bd7 23. Qc2 Rc8 24. Qb1 Ne4 25. Bxe4 fxe4 26. Qxe4 Rc1+ 27.
Kg2 g5 28. Nh5 Bc6 29. d5 Bxd5 30. Nf6+ Qxf6 31. Qxd5 Qxb2 32. Nd4 h6 33. h4 Qd2
34. Kf3 Qd1+ 35. Ke4 Qg4+ 36. f4 gxh4 37. Qd8 hxg3 38. Nf5 Rc4+ 39. Ke5 Rc5+ 40.
Ke4 0-1

[Event "Women's Speed Chess Q4"]
[Site "chess.com INT"]
[Date "2020.06.21"]
[Round "8"]
[White "Martynyuk, Elizaveta"]
[Black "Dauletova, Gulmira"]
[Result "1-0"]
[WhiteTitle "FM"]
[BlackTitle "WIM"]
[WhiteElo "2041"]
[BlackElo "2319"]
[WhiteFideId "24128511"]
[BlackFideId "13702971"]
[EventDate "2020.06.21"]

1. e4 e5 2. Nf3 Nc6 3. Bc4 Bc5 4. c3 Nf6 5. d3 d6 6. Bb3 a5 7. Nbd2 O-O 8. O-O
Re8 9. Nc4 h6 10. Ne3 Be6 11. Bc2 Ne7 12. d4 exd4 13. cxd4 Bb6 14. d5 Bd7 15. e5
dxe5 16. Nxe5 Bb5 17. Re1 Nexd5 18. Nxd5 Qxd5 19. Qxd5 Nxd5 20. a4 Ba6 21. Bd2
c6 22. Bb3 Bd4 23. Nc4 Rxe1+ 24. Rxe1 Bxc4 25. Bxc4 Bxb2 26. Rb1 Nb6 27. Bxf7+
Kxf7 28. Rxb2 Nxa4 29. Rxb7+ Kf6 30. Kf1 c5 31. Rc7 g5 32. Ke2 Ke5 33. Kd3 Rd8+
34. Kc2 Ra8 35. g3 Kd4 36. Kb3 Kd3 37. Be3 Nb6 38. Bxc5 Nd5 39. Rd7 1-0

[Event "Women's Speed Chess Q4"]
[Site "chess.com INT"]
[Date "2020.06.21"]
[Round "8"]
[White "Cholleti, Sahajasri"]
[Black "Munkhzul, Davaakhuu"]
[Result "1-0"]
[WhiteTitle "WIM"]
[BlackTitle "WFM"]
[WhiteElo "2235"]
[BlackElo "1991"]
[WhiteFideId "5045118"]
[BlackFideId "4902815"]
[EventDate "2020.06.21"]

1. d4 d5 2. Bf4 Nf6 3. e3 e6 4. Nc3 Bd6 5. Bd3 c5 6. dxc5 Bxc5 7. Nb5 Na6 8. Nf3
O-O 9. a3 Bd7 10. O-O Bxb5 11. Bxb5 Nc7 12. Bd3 Bd6 13. Ne5 h6 14. Bg3 Rc8 15.
Rc1 Na8 16. c4 Nb6 17. cxd5 Nbxd5 18. Bb1 Rxc1 19. Qxc1 Qb8 20. Nf3 Bxg3 21.
hxg3 Rc8 22. Qd2 Qc7 23. Qd3 Qc4 24. Qd2 b6 25. Ne5 Qc7 26. Nf3 a5 27. Rd1 a4
28. e4 Ne7 29. e5 Nfd5 30. Qd3 Ng6 31. Nh4 Nxh4 32. Qh7+ Kf8 33. gxh4 Qxe5 34.
Qh8+ Ke7 35. Qxc8 Qe2 36. Qc2 Qg4 37. Qd3 Qxh4 38. Ba2 1-0

[Event "Women's Speed Chess Q4"]
[Site "chess.com INT"]
[Date "2020.06.21"]
[Round "8"]
[White "Yakimova, Mariya"]
[Black "Goltseva, Ekaterina"]
[Result "1/2-1/2"]
[WhiteTitle "WFM"]
[BlackTitle "FM"]
[WhiteElo "2269"]
[BlackElo "2306"]
[WhiteFideId "34188859"]
[BlackFideId "24173770"]
[EventDate "2020.06.21"]

1. d4 Nf6 2. c4 e6 3. g3 Bb4+ 4. Bd2 Be7 5. Bg2 d5 6. Nf3 O-O 7. O-O Nbd7 8. Qc2
c6 9. b3 Ne4 10. Bf4 f5 11. Nc3 g5 12. Bc1 b6 13. Bb2 Bb7 14. Nd2 Bf6 15. e3 g4
16. Ne2 Qe8 17. Nf4 Ng5 18. cxd5 cxd5 19. Qc7 Ba6 20. Rfc1 Rf7 21. Qc6 Rc8 22.
Qa4 Nb8 23. Rxc8 Qxc8 24. Rc1 Qd7 25. Qxd7 Rxd7 26. Ba3 Kf7 27. h4 Ne4 28. Nxe4
dxe4 29. Bf1 Bxf1 30. Kxf1 e5 31. dxe5 Bxe5 32. Rc8 Bxf4 33. gxf4 Na6 34. Ke2
Rc7 35. Rf8+ Ke6 36. Re8+ Kf7 37. Rf8+ Ke6 38. Re8+ Kf7 39. Rf8+ 1/2-1/2

[Event "Women's Speed Chess Q4"]
[Site "chess.com INT"]
[Date "2020.06.21"]
[Round "8"]
[White "Bartel, Marta"]
[Black "Bodnaruk, Anastasia"]
[Result "0-1"]
[WhiteTitle "WGM"]
[BlackTitle "IM"]
[WhiteElo "2192"]
[BlackElo "2411"]
[WhiteFideId "1123009"]
[BlackFideId "4181751"]
[EventDate "2020.06.21"]

1. d4 Nf6 2. Nf3 g6 3. c4 Bg7 4. Nc3 O-O 5. Bg5 c5 6. d5 d6 7. e3 Qa5 8. Nd2 a6
9. a4 e6 10. Be2 e5 11. O-O Qc7 12. e4 Ne8 13. Ra3 f5 14. exf5 gxf5 15. f4 e4
16. Rb3 b6 17. Kh1 Nd7 18. g4 Ndf6 19. gxf5 Bxf5 20. Rg1 Kh8 21. Qe1 Rb8 22. Qh4
Qf7 23. Nf1 e3 24. Nxe3 Qd7 25. Bf3 Nc7 26. Ra3 Rbe8 27. Nxf5 Qxf5 28. Bh6 Bxh6
29. Qxh6 Rg8 30. Raa1 Re3 31. Rxg8+ Nxg8 32. Qh5 Qxf4 33. Rf1 Qe5 34. Bg2 Qxh5 0-1

[Event "Women's Speed Chess Q4"]
[Site "chess.com INT"]
[Date "2020.06.21"]
[Round "8"]
[White "Koridze, Lile"]
[Black "Gokbulut, Julia"]
[Result "1-0"]
[WhiteTitle "WFM"]
[BlackTitle "WFM"]
[WhiteElo "1996"]
[BlackElo "1970"]
[WhiteFideId "13612514"]
[BlackFideId "4153979"]
[EventDate "2020.06.21"]

1. d4 Nf6 2. c4 e6 3. g3 d5 4. Bg2 c6 5. Nf3 Bb4+ 6. Bd2 Bd6 7. O-O O-O 8. Qc2
Nbd7 9. Nc3 Qe7 10. e4 dxe4 11. Nxe4 Nxe4 12. Qxe4 Nf6 13. Qc2 c5 14. dxc5 Bxc5
15. Bc3 h6 16. a3 a5 17. b3 Ra6 18. Bb2 Rd8 19. Qc3 Bd7 20. Ne5 Be8 21. a4 Bd4
22. Qc2 Bxb2 23. Qxb2 Bc6 24. Nxc6 bxc6 25. Rfd1 c5 26. Qc3 Ra7 27. h3 Rb8 28.
Rd3 Qc7 29. Rad1 Qb6 30. Qc2 Re7 31. Qd2 Kh7 32. Qc2 g6 33. Qc3 Ne8 34. Qe5 Qc7
35. Qe3 Nf6 36. Qf3 Kg7 37. Qe3 Rd7 38. Rxd7 Nxd7 39. Rxd7 Qxd7 40. Qe5+ Kh7 41.
Qxb8 Qd1+ 42. Kh2 Qc2 43. Qf4 Kg7 44. Qe5+ Kg8 45. Qxc5 Qxb3 46. Qxa5 Qxc4 47.
Qd8+ Kg7 48. a5 h5 49. h4 e5 50. Qb6 e4 51. a6 f5 52. a7 Qd5 53. Qc7+ Kh6 54.
Qb8 1-0

[Event "Women's Speed Chess Q4"]
[Site "chess.com INT"]
[Date "2020.06.21"]
[Round "8"]
[White "Kovanova, Baira"]
[Black "Balabayeva, Xeniya"]
[Result "0-1"]
[WhiteTitle "WGM"]
[BlackTitle "WFM"]
[WhiteElo "2343"]
[BlackElo "2146"]
[WhiteFideId "4164083"]
[BlackFideId "13719688"]
[EventDate "2020.06.21"]

1. e4 e6 2. d3 c5 3. Qe2 Nc6 4. Nf3 g6 5. g3 Bg7 6. Bg2 d6 7. O-O Nge7 8. c3 O-O
9. Na3 a6 10. Nc2 Qc7 11. d4 cxd4 12. Ncxd4 Nxd4 13. Nxd4 Bd7 14. Be3 e5 15. Nc2
Bb5 16. Qd2 Bxf1 17. Rxf1 Rfd8 18. f4 exf4 19. Bxf4 Nc6 20. Ne3 Ne5 21. Nd5 Qc5+
22. Kh1 Nc4 23. Qc1 Re8 24. Bg5 Re6 25. Qf4 f6 26. b4 Qc6 27. Qg4 Rae8 28. Bxf6
Ne3 29. Nxe3 Rxf6 30. Rxf6 Bxf6 31. e5 Qxc3 32. Bd5+ Kh8 33. Qd7 Qxe5 0-1

[Event "Women's Speed Chess Q4"]
[Site "chess.com INT"]
[Date "2020.06.21"]
[Round "8"]
[White "Zawadzka, Jolanta"]
[Black "Papp, Petra"]
[Result "0-1"]
[WhiteTitle "WGM"]
[BlackTitle "WGM"]
[WhiteElo "2419"]
[BlackElo "2338"]
[WhiteFideId "1122320"]
[BlackFideId "739049"]
[EventDate "2020.06.21"]

1. e4 e6 2. d4 d5 3. Nc3 Nf6 4. e5 Nfd7 5. Nf3 c5 6. Ne2 Nc6 7. c3 Be7 8. Be3
O-O 9. Qd2 a6 10. h4 b5 11. a3 Na5 12. Rd1 Nc4 13. Qc2 Nxe3 14. fxe3 f6 15. Nf4
Nb6 16. exf6 gxf6 17. Bd3 f5 18. Qe2 Bd6 19. Ng5 Qf6 20. Qh5 Ra7 21. Kd2 cxd4
22. cxd4 Nc4+ 23. Bxc4 bxc4 24. Kc1 c3 25. b4 a5 26. b5 Bxa3+ 27. Kc2 Bb4 28.
Rhg1 Rg7 29. Qe2 Bd7 30. Nh5 Qe7 31. Nxg7 Qxg7 32. g4 f4 33. Nf3 fxe3 34. Qxe3
Qg6+ 35. Kb3 Bxb5 36. Qg5 Rxf3 37. Qd8+ Bf8 38. Rc1 c2+ 39. Kb2 Qd3 40. Qg5+ Kh8
41. Qe5+ Bg7 42. Qb8+ Rf8 43. Qd6 Bxd4+ 44. Ka2 Qc4+ 45. Ka3 Rf3# 0-1

[Event "Women's Speed Chess Q4"]
[Site "chess.com INT"]
[Date "2020.06.21"]
[Round "8"]
[White "Martsynovskaya, Marina"]
[Black "Chen, Yining"]
[Result "1-0"]
[WhiteTitle "WIM"]
[BlackTitle "WCM"]
[WhiteElo "2046"]
[BlackElo "1745"]
[WhiteFideId "609218"]
[BlackFideId "8620946"]
[EventDate "2020.06.21"]

1. e4 e5 2. Bc4 Nc6 3. Nf3 Bc5 4. O-O Nf6 5. d3 h6 6. c3 d6 7. h3 O-O 8. d4 Bb6
9. Re1 a5 10. b3 Qe7 11. Bb2 Bd7 12. Nbd2 Na7 13. Bd3 c6 14. c4 exd4 15. Nxd4
Be6 16. Nf5 Bxf5 17. exf5 Qd8 18. Qf3 d5 19. cxd5 Qxd5 20. Ne4 Nxe4 21. Bxe4 Qd2
22. Re2 Qg5 23. g3 Rad8 24. h4 Qe7 25. f6 Qd6 26. Qg4 g6 27. Bxg6 Kh8 28. Be5
Qb4 29. Qh5 fxg6 30. Qxh6+ Kg8 31. Qg7# 1-0

[Event "Women's Speed Chess Q4"]
[Site "chess.com INT"]
[Date "2020.06.21"]
[Round "8"]
[White "Huda, Maryana"]
[Black "Meenakshi, Subbaraman"]
[Result "1-0"]
[WhiteTitle "WGM"]
[BlackTitle "WGM"]
[WhiteElo "2128"]
[BlackElo "2171"]
[WhiteFideId "14116553"]
[BlackFideId "5004381"]
[EventDate "2020.06.21"]

1. e4 d6 2. d4 e5 3. dxe5 dxe5 4. Qxd8+ Kxd8 5. Bc4 f6 6. Be3 c6 7. a4 Kc7 8. a5
Nd7 9. f3 Bc5 10. Kf2 Ne7 11. h4 Bxe3+ 12. Kxe3 Nc5 13. h5 Be6 14. Bxe6 Nxe6 15.
Ne2 Rhd8 16. Na3 Nd4 17. Rad1 Ne6 18. g3 Rxd1 19. Rxd1 b5 20. f4 a6 21. c3 c5
22. Nc2 Rg8 23. Kf3 Kc6 24. Ne3 c4 25. Nd5 Re8 26. h6 exf4 27. gxf4 f5 28. Nxe7+
Rxe7 29. exf5 Nc5 30. Nd4+ Kb7 31. hxg7 Rxg7 32. Rh1 Rf7 33. Rh6 Nd7 34. Ke4
Nf6+ 35. Kf3 Kc7 36. Ne6+ Kd6 37. Ng5 Ke7 38. Nxf7 Kxf7 39. Rh1 Nd7 40. Rd1 Nc5
41. Rd6 h5 42. Rh6 Nd3 43. Rxa6 Nxb2 44. Rh6 Na4 45. a6 Kg7 46. Rc6 b4 47. cxb4
c3 48. a7 c2 49. a8=Q c1=Q 50. Qb7+ Kf8 51. Rxc1 Nc5 52. Rxc5 1-0

[Event "Women's Speed Chess Q4"]
[Site "chess.com INT"]
[Date "2020.06.21"]
[Round "8"]
[White "Girya, Olga"]
[Black "Cyfka, Karina"]
[Result "1-0"]
[WhiteTitle "WGM"]
[BlackTitle "IM"]
[WhiteElo "2469"]
[BlackElo "2411"]
[WhiteFideId "4195752"]
[BlackFideId "1122681"]
[EventDate "2020.06.21"]

1. d4 Nf6 2. c4 e6 3. Nf3 Bb4+ 4. Bd2 Qe7 5. g3 Bxd2+ 6. Qxd2 Nc6 7. b3 d5 8.
Bg2 Ne4 9. Qb2 Qb4+ 10. Nfd2 f5 11. O-O O-O 12. e3 Qe7 13. Nc3 Qf7 14. a3 Bd7
15. Rac1 Rad8 16. Ne2 Be8 17. Nf4 g5 18. Nd3 Qg7 19. cxd5 exd5 20. Nc5 Nxc5 21.
Rxc5 Bf7 22. b4 Rd7 23. b5 Ne7 24. Nf3 b6 25. Rc2 Nc8 26. Ne5 Re7 27. Qb3 Rxe5
28. dxe5 Qxe5 29. Qc3 Qxc3 30. Rxc3 Nd6 31. a4 Nc4 32. Rd1 Nb2 33. Rd4 Rc8 34.
Bxd5 Bxd5 35. Rxd5 Nxa4 36. Rc6 Nc5 37. Rxf5 Ne4 38. Re5 Nd6 39. Rxg5+ Kf7 40.
Rd5 Ne8 41. Rd7+ Kf8 42. Rxh7 Rd8 43. Re6 Rd1+ 44. Kg2 Ng7 45. Rg6 Rd7 46. h4
Kg8 47. Rhxg7+ Rxg7 48. Rxg7+ Kxg7 49. h5 Kf6 50. g4 c5 51. bxc6 Ke7 52. h6 1-0

[Event "Women's Speed Chess Q4"]
[Site "chess.com INT"]
[Date "2020.06.21"]
[Round "8"]
[White "Pham, Bich Ngoc"]
[Black "Narva, Mai"]
[Result "0-1"]
[WhiteTitle "WIM"]
[BlackTitle "WIM"]
[WhiteElo "2235"]
[BlackElo "2333"]
[WhiteFideId "12401285"]
[BlackFideId "4500512"]
[EventDate "2020.06.21"]

1. g3 g6 2. Bg2 Bg7 3. e4 Nf6 4. Ne2 d6 5. O-O O-O 6. d3 c5 7. Nbc3 Nc6 8. f4
Rb8 9. h3 Bd7 10. Be3 b5 11. Qd2 b4 12. Nd1 a5 13. c3 a4 14. d4 cxd4 15. cxd4 a3
16. b3 Na7 17. d5 Nb5 18. Nd4 Nh5 19. g4 Ng3 20. Re1 h5 21. g5 h4 22. Rc1 Qa5
23. Nf2 Nc3 24. Rc2 Rbc8 25. Rec1 Bxd4 26. Bxd4 Nce2+ 27. Kh2 Nxc1 28. Rxc1 Rxc1
29. Qxc1 Rc8 30. Qd2 Qc7 31. Qxb4 Qc1 32. Qb7 Qxf4 33. Nd3 Nf1+ 34. Kg1 Qh2+ 35.
Kxf1 Bxh3 36. Ne1 Bxg2+ 37. Nxg2 Rc1+ 38. Ne1 Qh1+ 39. Bg1 Qxe4 40. Bf2 h3 41.
Qb8+ Kg7 42. Qa7 h2 43. Qd4+ Qxd4 44. Bxd4+ f6 45. gxf6+ exf6 46. Kg2 Rxe1 47.
Kxh2 Re2+ 48. Kg3 Rxa2 49. Bb6 Rb2 50. Bc7 a2 51. Bxd6 a1=Q 0-1

[Event "Women's Speed Chess Q4"]
[Site "chess.com INT"]
[Date "2020.06.21"]
[Round "8"]
[White "Eswaran, Ashritha"]
[Black "Turova, Irina"]
[Result "1/2-1/2"]
[WhiteTitle "WIM"]
[BlackTitle "IM"]
[WhiteElo "2244"]
[BlackElo "2381"]
[WhiteFideId "2080788"]
[BlackFideId "4120876"]
[EventDate "2020.06.21"]

1. e4 e5 2. Nf3 Nc6 3. Bc4 Bc5 4. O-O d6 5. d3 Nf6 6. c3 a6 7. a4 Ba7 8. a5 h6
9. b4 O-O 10. Nbd2 Ne7 11. Bb3 Ng6 12. Nc4 Nf4 13. Be3 Bg4 14. Bxf4 exf4 15. Re1
d5 16. Nce5 Bh5 17. Qc2 dxe4 18. dxe4 Qe7 19. Qa2 Rad8 20. c4 Qxb4 21. Rab1 Qc5
22. Bd1 Rfe8 23. Qb2 b6 24. Ba4 Re6 25. Rbd1 Rxd1 26. Rxd1 bxa5 27. Bd7 Nxd7 28.
Nxd7 Qxc4 29. Qb7 Rd6 30. Qc8+ Kh7 31. Nf8+ Kg8 32. Ng6+ Kh7 33. Nf8+ Kg8 34.
Ne6+ Kh7 35. Nf8+ 1/2-1/2

[Event "Women's Speed Chess Q4"]
[Site "chess.com INT"]
[Date "2020.06.21"]
[Round "8"]
[White "Tsotsonava, Elene"]
[Black "Smietanska, Wiktoria"]
[Result "1-0"]
[WhiteTitle "WFM"]
[BlackTitle "CM"]
[WhiteElo "2012"]
[BlackElo "1593"]
[WhiteFideId "13615939"]
[BlackFideId "21869359"]
[EventDate "2020.06.21"]

1. e4 c5 2. Nf3 d6 3. d4 cxd4 4. Nxd4 Nf6 5. Nc3 a6 6. Bg5 Nbd7 7. Qe2 h6 8. Be3
Qc7 9. O-O-O b5 10. f4 e6 11. g4 Be7 12. Bg2 Bb7 13. g5 hxg5 14. fxg5 Nh7 15. g6
Nhf6 16. gxf7+ Kxf7 17. h4 b4 18. Na4 Nc5 19. Nxc5 dxc5 20. Nxe6 Qg3 21. Bf4 Qg4
22. Ng5+ Ke8 23. Qe3 Nh5 24. Bf3 Qc8 25. Bxh5+ Rxh5 26. Qf3 Rh8 27. Bd6 Bf6 28.
Qb3 c4 29. Qa4+ Bc6 30. Qxb4 Bb5 31. e5 Bxg5+ 32. hxg5 Rxh1 33. Rxh1 Qg4 34. Qd2
Kf7 35. Qd5+ Kg6 36. Qxa8 Qxg5+ 37. Kb1 Qg4 38. Qd5 1-0

[Event "Women's Speed Chess Q4"]
[Site "chess.com INT"]
[Date "2020.06.21"]
[Round "8"]
[White "Hernandez Bonilla, Amelia"]
[Black "Sviridova, Vlada"]
[Result "0-1"]
[WhiteTitle "WFM"]
[BlackTitle "WFM"]
[WhiteElo "2016"]
[BlackElo "2144"]
[WhiteFideId "3900193"]
[BlackFideId "24109606"]
[EventDate "2020.06.21"]

1. e4 e6 2. d4 d5 3. exd5 exd5 4. c4 Nf6 5. Nf3 Bb4+ 6. Bd2 Bxd2+ 7. Nbxd2 O-O
8. Be2 Nc6 9. O-O Bf5 10. c5 Ne4 11. a3 a5 12. Bb5 Ne7 13. Nh4 Be6 14. Bd3 Nxd2
15. Qxd2 Ng6 16. Nf5 Qf6 17. Ne3 Qxd4 18. Rac1 Kh8 19. Rfd1 Ne5 20. Qe2 Nxd3 21.
Rxd3 Qe5 22. Qd2 c6 23. Rd4 f5 24. f4 Qf6 25. b4 axb4 26. axb4 Ra4 27. Nc2 Bf7
28. Rd3 Re8 29. Nd4 Re4 30. Rb1 h6 31. Nf3 Be8 32. g3 Bh5 33. Ne5 Re2 34. Qc3
Raa2 35. Re3 Rg2+ 36. Kh1 Rxh2+ 37. Kg1 Rag2+ 38. Kf1 Rc2 39. Qa1 Rh1# 0-1

[Event "Women's Speed Chess Q4"]
[Site "chess.com INT"]
[Date "2020.06.21"]
[Round "8"]
[White "Batsiashvili, Nino"]
[Black "Protopopova, Anastasiya"]
[Result "1-0"]
[WhiteTitle "GM"]
[BlackTitle "WFM"]
[WhiteElo "2457"]
[BlackElo "2192"]
[WhiteFideId "13602993"]
[BlackFideId "24172073"]
[EventDate "2020.06.21"]

1. d4 d5 2. Nf3 Nf6 3. Bf4 c5 4. e3 Nc6 5. Nbd2 Qb6 6. dxc5 Qxb2 7. Rb1 Qc3 8.
Bb5 Qxc5 9. c4 a6 10. Bxc6+ bxc6 11. O-O e6 12. Ne5 Be7 13. Nb3 Qa3 14. Nxc6 O-O
15. Be5 Re8 16. cxd5 Nxd5 17. e4 Nf6 18. Nxe7+ Qxe7 19. Bd6 Qa7 20. Nc5 Rd8 21.
e5 Nd5 22. Qd4 a5 23. Rfc1 Ba6 24. h4 h6 25. a3 Rdc8 26. Qa4 Be2 27. Rb2 Bh5 28.
Rbc2 Qb6 29. Qb3 Qxb3 30. Nxb3 Rxc2 31. Rxc2 Bd1 32. Rb2 a4 33. Nc5 Nc3 34. Rb7
Nd5 35. f3 Bc2 36. Kf2 1-0

[Event "Women's Speed Chess Q4"]
[Site "chess.com INT"]
[Date "2020.06.21"]
[Round "8"]
[White "Jakubowska, Anna"]
[Black "Mahalakshmi, M"]
[Result "0-1"]
[WhiteTitle "WIM"]
[BlackTitle "WIM"]
[WhiteElo "2073"]
[BlackElo "2253"]
[WhiteFideId "1121952"]
[BlackFideId "5001080"]
[EventDate "2020.06.21"]

1. e4 c6 2. d4 d5 3. exd5 cxd5 4. Bd3 Nc6 5. c3 Nf6 6. Ne2 g6 7. O-O Bg7 8. Bf4
O-O 9. Nd2 Bg4 10. h3 Bd7 11. Nf3 Ne4 12. Bxe4 dxe4 13. Nd2 Bf5 14. Ng3 Qd5 15.
Qb3 e6 16. Rfe1 Na5 17. Qxd5 exd5 18. Nxf5 gxf5 19. Nf1 Nc4 20. b3 Nb2 21. Bh2
Nd3 22. Red1 f4 23. f3 Rac8 24. fxe4 Rxc3 25. Nd2 Bxd4+ 26. Kf1 Rc2 27. Rab1 Be3
28. Ke2 dxe4 29. Bg1 Bxg1 30. Rxg1 Rd8 31. g3 Kf8 32. gxf4 Nxf4+ 33. Ke3 Nd5+
34. Kf2 Rxd2+ 35. Kg3 Nf6 36. Kf4 Ke7 37. Rge1 Rf2+ 38. Kg3 Rf3+ 39. Kh4 Rd5 40.
Rxe4+ Nxe4 41. Kg4 Rf2 42. Re1 Rg5+ 43. Kh4 Rf4# 0-1

[Event "Women's Speed Chess Q4"]
[Site "chess.com INT"]
[Date "2020.06.21"]
[Round "8"]
[White "Vantika, Agrawal"]
[Black "Michelle Catherina, P"]
[Result "1-0"]
[WhiteTitle "WIM"]
[BlackTitle "WIM"]
[WhiteElo "2286"]
[BlackElo "2176"]
[WhiteFideId "25050389"]
[BlackFideId "5005736"]
[EventDate "2020.06.21"]

1. d4 Nf6 2. c4 c5 3. d5 b5 4. cxb5 a6 5. b6 d6 6. Nc3 Nbd7 7. Nf3 g6 8. e4 Bg7
9. a4 a5 10. Bb5 O-O 11. O-O Nxb6 12. h3 Bd7 13. Re1 Bxb5 14. Nxb5 Nfd7 15. Qc2
Ne5 16. Nxe5 Bxe5 17. Bh6 Bg7 18. Bxg7 Kxg7 19. Rad1 Qd7 20. e5 Rab8 21. exd6
exd6 22. b3 Rbe8 23. Qc3+ Kg8 24. Rxe8 Rxe8 25. Qxa5 Nc8 26. Qc7 Qxc7 27. Nxc7
Re2 28. a5 Na7 29. Kf1 Re7 30. Na8 Nc8 31. Re1 Kf8 32. Rxe7 Kxe7 33. Ke2 Kf6 34.
Kd3 Ke5 35. Kc4 Na7 36. Nb6 f5 37. a6 f4 38. Nd7+ Kf5 39. Nb8 f3 40. g4+ Ke4 41.
Nc6 Nc8 42. a7 Nb6+ 43. Kb5 Na8 44. Ka6 Kxd5 45. Kb7 1-0